Zur Kenntnis der Sulfite, Sulfithydrate, Sulfit-Doppelsalze und Sulfitokomplexe zweiwertiger Metalle : röntgenographische, thermoanalytische, sowie IR- und ramanspektroskopische Untersuchungen /

Hlavní autor: Suradi, Saleh El
Korporativní autor: Universität zu Köln
Jazyk: Němčina
Vydáno: Köln : S.E. Suradi, 1975
Fyzický popis: 120 s.
Knihy
Uloženo v:
LEADER 00822nam a22002172a 4500
001 001219332
003 CZ BrMZK
005 20121205113741.0
007 ta
008 120604s1975 gw er 000 0 ger d
040 |a BOA001  |b cze 
100 1 |a Suradi, Saleh El  |4 dis 
245 1 0 |a Zur Kenntnis der Sulfite, Sulfithydrate, Sulfit-Doppelsalze und Sulfitokomplexe zweiwertiger Metalle :  |b röntgenographische, thermoanalytische, sowie IR- und ramanspektroskopische Untersuchungen /  |c Saleh El Suradi 
260 |a Köln :  |b S.E. Suradi,  |c 1975 
300 |a 120 s. 
502 |a Disertace--Universität zu Köln, 1975 
710 2 |a Universität zu Köln  |7 kn20020322445 
910 |a BOA001  |b 2-0760.378 
990 |a BK 
991 |b 201206 
996 7 |b 2619528368  |c 2-0760.378  |l MZK  |r Sklad / do 1 hodiny  |n 0  |w 001253201  |u 000010  |a 1  |e BOA001  |j MZK50  |s A